000 00485nam a22001697a 4500
005 20231114124100.0
008 231114b |||||||| |||| 00| 0 eng d
020 _a0621113484
041 _aEnglish
082 _a347.6 SOU
100 _lEnglish
245 _aThe South African Law Commission : Report on the review of the law of evidence
260 _c1986
300 _bxi, 60 pages ;
_c26 cm.
650 _aLegal practice
_bLaw
942 _cBK
_6ALISON_BN_VRIES
999 _c629
_d629